Ipswich Town 1978 FA Cup Final Team - Statistics

General Stats
  • This quiz has been taken 361 times
  • The average score is 10 of 12
Answer Stats
No. Player % Correct
3 © Mick Mills
96%
1 Paul Cooper
96%
9 Paul Mariner
93%
2 George Burley
92%
7 Roger Osborne
91%
8 John Wark
88%
6 Kevin Beattie
85%
5 Allan Hunter
82%
4 Brian Talbot
71%
10 David Geddis
68%
11 Clive Woods
65%
12 (sub) Mick Lambert
56%
No matching quizzes found
Score Distribution
Percent of People with Each Score
Percentile by Number Answered
Your Score History
You have not taken this quiz